| 000 | 00990nam a2200241 a 4500 | ||
|---|---|---|---|
| 001 | 48049 | ||
| 003 | BD-RjUL | ||
| 005 | 20211209054441.0 | ||
| 008 | 160811s1970 bg ||||| |||| 00| 0 ben d | ||
| 020 | _cTK.8.00 | ||
| 035 | _a(BD-RjUL)48168 | ||
| 040 |
_aBD-RjUL _bben _cBD-RjUL |
||
| 041 | _aben | ||
| 082 |
_223 _a491.440 _bNIR 1970 |
||
| 245 |
_aনির্ঘন্ট -অভিধান / _cসৈয়দ সাজ্জাদ হোসায়েন (সস্কলিত) |
||
| 260 |
_aঢাকা : _bকেন্দ্রয়ী বাংলা-উন্নয়ন বোর্ড, _c১৯৭০ |
||
| 300 |
_a খন্ড ; _c২৫ সেমি. |
||
| 505 | 0 | _aখন্ড-১ম.- নজরুল-গ্রন্থাবলী | |
| 650 |
_aবাংলা ভাষা _9145681 _2অভিধান |
||
| 650 |
_aBengali language _9145682 _vDictionaries |
||
| 700 |
_aহোসায়েন, সৈয়দ সাজ্জাদ _9242945 |
||
| 942 |
_2ddc _cREF |
||
| 999 |
_c48049 _d48049 |
||